000 00978aam a2200325 4500
005 20220209091845.0
008 150611b xxu||||| |||| 00| 0 spa d
041 _aEspañol
082 _a621.319.24 E27e
245 _aEficiencia en el uso de la energía eléctrica
260 _aEspañol
_bMarcombo
_c2012
300 _a333 páginas
650 _aELECTRICIDAD
_91462
650 _aENERGÍA ELECTRICA
_92135
650 _aSUMINISTRO
_924278
650 _aCIRCUITOS
_91827
650 _aCOMPENSADORES
_924279
650 _aPERTURBACIONES DE RED
_924280
650 _aNIVELES DE OSI
_924281
650 _aMAGNITUDES ELECTRICAS
_962510
650 _aMEDIDA DE ENERGÍA
_924283
650 _aCOMUNICACIONES
_92305
650 _aPROTOCOLOS
_911692
650 _aRED ELECTRICA
_924284
650 _aREDES DE ÁREA LOCAL
_99099
650 _aFILTROS
_96865
650 _aUSO RACIONAL DE LA ENERGÍA ELECTRICA
_924285
650 _aMAGNITUD ELECTRICA
_924286
942 _cBK
999 _c2785
_d2785